LIBRARY & INFORMATION CENTRE, KCAET, TAVANUR

ONLINE PUBLIC ACCESS CATALOGUE (OPAC)

Hand Book of Irrigation And Drainage Systems: Management, Operation and Maintenance (Record no. 14230)

MARC details
000 -LEADER
fixed length control field 00346nam a22001217a 4500
020 ## - INTERNATIONAL STANDARD BOOK NUMBER
ISBN 9788126150885
082 ## - DEWEY DECIMAL CLASSIFICATION NUMBER
Classification number 631.587
Item number JOH/HA
245 ## - TITLE STATEMENT
Title Hand Book of Irrigation And Drainage Systems: Management, Operation and Maintenance
260 ## - PUBLICATION, DISTRIBUTION, ETC. (IMPRINT)
Place of publication New Delhi
Name of publisher Anmol Publications
Year of publication 2013
300 ## - PHYSICAL DESCRIPTION
Number of Pages 336
700 ## - ADDED ENTRY--PERSONAL NAME
Personal name Johnson Kenneth
942 ## - ADDED ENTRY ELEMENTS (KOHA)
Koha item type Books
Holdings
Withdrawn status Lost status Damaged status Collection code Home library Current library Shelving location Date acquired Source of acquisition Cost, normal purchase price Full call number Accession Number Koha item type
        KAUAET KAUAET General Stacks 06/06/2016 Cosmos Books Calicut 3000.00 631.587 JOH/HA 24354 Books
free website counter